Historical anthropology / (Record no. 5515)

MARC details
000 -LEADER
fixed length control field 00638 a2200193 4500
010 ## - LCCN (DPL NO)
LC control number ENG-86888
020 ## - INTERNATIONAL STANDARD BOOK NUMBER
Terms of availability 595.00
International Standard Book Number 0195690712
035 ## - SYSTEM CONTROL NUMBER
System control number EN-70421
037 ## - SOURCE OF ACQUISITION
Source of stock number/acquisition DBAD / PUB
082 14 - DEWEY DECIMAL CLASSIFICATION NUMBER
Classification number 301
245 1# - TITLE STATEMENT
Title Historical anthropology /
Statement of responsibility, etc ed. by Saurabh Dube
260 ## - PUBLICATION, DISTRIBUTION, ETC. (IMPRINT)
Place of publication, distribution, etc New Delhi
Name of publisher, distributor, etc Oxford University Press
Date of publication, distribution, etc 2007
270 ## - ADDRESS
Address YMCA Library Building, Jai Singh Road
City New Delhi
Postal code 110 045
300 ## - PHYSICAL DESCRIPTION
Extent xiv, 427p
Dimensions 22cm (Hb)
490 ## - SERIES STATEMENT
Series statement Oxford in India readings in sociology and social anthropology edited by T.N. Madan
500 ## - GENERAL NOTE
General note Includes index
700 ## - ADDED ENTRY--PERSONAL NAME
Personal name Dube, Saurabh
942 ## - ADDED ENTRY ELEMENTS (KOHA)
Institution code [OBSOLETE] dpl
Item type English Books
Source of classification or shelving scheme Dewey Decimal Classification
Classification part 301
Call number suffix HIS
Holdings
Withdrawn status Lost status Not for loan Collection code Home library Current library Source of acquisition Cost, normal purchase price Full call number Barcode Copy number Cost, replacement price Koha item type
    Not For Loan Non-fiction D.B.Act.Division D.B.Act.Division DBAD/PUB 595.00 301 HIS EN-70421 1 595.00 English Books

© Delhi Public Library
Hit Counter
free hit counter